000 00209nam a22000857a 4500
008 170130b xxu||||| |||| 00| 0 eng d
100 _92662
_aNCERT
245 _aMicro Economics-XII
260 _aNew delhi
_bNCERT
_c2007
999 _c5818
_d5818